Gaming Quiz

Random Gaming or Video Games Quiz

30 Best Selling Video Games of All-Time(All Platforms) Quiz Stats

Quiz not verified by Sporcle

Also try: Poké-location
Challenge
Share
Tweet
Embed
Score 0/30 Timer 15:00
0 Plays Today
Release Year Video Game % Correct
1985Super Mario Bros.
81%
2006Wii Sports
68%
1988Super Mario Bros. 3
57%
2008Grand Theft Auto IV
50%
1984Tetris
49%
2013Grand Theft Auto V
48%
1990Super Mario World
47%
2007Wii Fit
40%
2009Call of Duty: Modern Warfare 2
38%
2010Call of Duty: Black Ops
37%
2004Grand Theft Auto: San Andreas
34%
2009Wii Sports Resort
29%
2006New Super Mario Bros.
28%
2008Mario Kart Wii
27%
2006Wii Play
25%
Release Year Video Game % Correct
1991Sonic the Hedgehog
25%
1989Super Mario Land
22%
2005Nintendogs
21%
2009New Super Mario Bros. Wii
20%
2001Minecraft
16%
2011The Elder Scrolls V: Skyrim
16%
2005Mario Kart DS
14%
2011Battlefield 3
13%
2009Wii Fit Plus
12%
2005Brain Age
10%
2010Pokemon Black and White
5%
2006Pokemon Diamond and Pearl
3%
2002Pokemon Ruby and Sapphire
3%
1996Pokémon Red, Blue, and Green
1%
1999Pokémon Gold and Silver
1%

You're not logged in!

Compare scores with friends on all Sporcle quizzes.
Sign Up with Email
OR
Log In

You Might Also Like...

Show Comments

Extras

Top Quizzes Today


Score Distribution

Your Account Isn't Verified!

In order to create a playlist on Sporcle, you need to verify the email address you used during registration. Go to your Sporcle Settings to finish the process.

Report this User

Report this user for behavior that violates our Community Guidelines.

Details: